Sports Quiz

Random Sports or NHL Quiz

NHL Yearly Active Points Leaders Quiz Stats

Quiz not verified by Sporcle

Also try: NHL Awards (2014)
Challenge
Share
Tweet
Embed
Score 0/97 Timer 10:00
0 Plays Today
Year Player % Correct
1988-1989Wayne Gretzky
99.1%
1989-1990Wayne Gretzky
99.1%
1990-1991Wayne Gretzky
99.1%
1991-1992Wayne Gretzky
99.1%
1992-1993Wayne Gretzky
99.1%
1993-1994Wayne Gretzky
99.1%
1994-1995Wayne Gretzky
99.1%
1995-1996Wayne Gretzky
99.1%
1996-1997Wayne Gretzky
99.1%
1997-1998Wayne Gretzky
99.1%
1998-1999Wayne Gretzky
99.1%
1944-1945Syd Howe
93.4%
1945-1946Syd Howe
93.4%
1959-1960Gordie Howe
93.4%
1960-1961Gordie Howe
93.4%
1961-1962Gordie Howe
93.4%
1962-1963Gordie Howe
93.4%
1963-1964Gordie Howe
93.4%
1964-1965Gordie Howe
93.4%
1965-1966Gordie Howe
93.4%
1966-1967Gordie Howe
93.4%
1967-1968Gordie Howe
93.4%
1968-1969Gordie Howe
93.4%
1969-1970Gordie Howe
93.4%
1970-1971Gordie Howe
93.4%
1979-1980Gordie Howe
93.4%
2011-2012Jaromir Jagr
92.1%
2012-2013Jaromir Jagr
92.1%
2013-2014Jaromir Jagr
92.1%
2014-2015Jaromir Jagr
92.1%
1999-2000Mark Messier
86.1%
2000-2001Mark Messier
86.1%
2001-2002Mark Messier
86.1%
Year Player % Correct
2002-2003Mark Messier
86.1%
2003-2004Mark Messier
86.1%
1953-1954Maurice Richard
82.9%
1954-1955Maurice Richard
82.9%
1955-1956Maurice Richard
82.9%
1956-1957Maurice Richard
82.9%
1957-1958Maurice Richard
82.9%
1958-1959Maurice Richard
82.9%
1977-1978Phil Esposito
80.5%
1978-1979Phil Esposito
80.5%
1980-1981Phil Esposito
80.5%
2005-2006Steve Yzerman
71.9%
2006-2007Joe Sakic
70.7%
2007-2008Joe Sakic
70.7%
2008-2009Joe Sakic
70.7%
1981-1982Marcel Dionne
69.4%
1982-1983Marcel Dionne
69.4%
1983-1984Marcel Dionne
69.4%
1984-1985Marcel Dionne
69.4%
1985-1986Marcel Dionne
69.4%
1986-1987Marcel Dionne
69.4%
1987-1988Marcel Dionne
69.4%
1974-1975Stan Mikita
57.4%
2009-2010Mark Recchi
54.2%
2010-2011Mark Recchi
54.2%
1930-1931Howie Morenz
49.9%
1931-1932Howie Morenz
49.9%
1932-1933Howie Morenz
49.9%
1933-1934Howie Morenz
49.9%
1934-1935Howie Morenz
49.9%
1935-1936Howie Morenz
49.9%
1936-1937Howie Morenz
49.9%
1917-1918Joe Malone
41.8%
Year Player % Correct
1921-1922Joe Malone
41.8%
1975-1976John Bucyk
40.5%
1976-1977John Bucyk
40.5%
1971-1972Alex Delvecchio
39.2%
1972-1973Alex Delvecchio
39.2%
1973-1974Alex Delvecchio
39.2%
1947-1948Toe Blake
31.7%
1951-1952Elmer Lach
30.6%
1952-1953Elmer Lach
30.6%
1918-1919Cy Denneny
27.6%
1922-1923Cy Denneny
27.6%
1923-1924Cy Denneny
27.6%
1924-1925Cy Denneny
27.6%
1926-1927Cy Denneny
27.6%
1927-1928Cy Denneny
27.6%
1928-1929Cy Denneny
27.6%
1925-1926Cy Denneny
27.6%
1948-1949Doug Bentley
24.4%
1949-1950Doug Bentley
24.4%
1950-1951Doug Bentley
24.4%
1919-1920Newsy Lalonde
24%
1920-1921Newsy Lalonde
24%
1940-1941Hooley Smith
23.6%
1937-1938Nels Stewart
22.5%
1938-1939Nels Stewart
22.5%
1939-1940Nels Stewart
22.5%
1941-1942Busher Jackson
18.6%
1942-1943Busher Jackson
18.6%
1943-1944Busher Jackson
18.6%
1946-1947Bill Cowley
16.9%
1929-1930Reg Noble
7.1%

You're not logged in!

Compare scores with friends on all Sporcle quizzes.
Sign Up with Email
OR
Log In

You Might Also Like...

Show Comments

Extras

Top Quizzes Today


Score Distribution

Your Account Isn't Verified!

In order to create a playlist on Sporcle, you need to verify the email address you used during registration. Go to your Sporcle Settings to finish the process.